[Event "Florianopolis op 8th"]
[Site "Florianopolis"]
[Date "2022.01.27"]
[Round "6"]
[White "Bonvini, Alberto Tonhati"]
[Black "Castro, Leonardo Nascimento"]
[Result "1-0"]
[WhiteElo "1941"]
[BlackElo "1703"]
[PlyCount "57"]
[EventDate "2022.01.24"]
[EventType "swiss"]
[EventRounds "10"]
[EventCountry "BRA"]
[SourceTitle "CBM 206 Extra"]
[Source "ChessBase"]
[SourceDate "2022.03.31"]
[SourceVersion "1"]
[SourceVersionDate "2022.03.31"]
[SourceQuality "1"]

1. e4 c5 2. c3 Nf6 3. e5 Nd5 4. d4 cxd4 5. Qxd4 e6 6. Nf3 Nc6 7. Qe4 d6 8. Bb5 Bd7 9. c4 Ncb4 10. exd6 Bxd6 11. 0-0 a6 12. Ba4 Ne7 13. Bxd7+ Qxd7 14. Nc3 Nbc6 15. Rd1 Qc7 16. h3 0-0 17. Ng5 Ng6 18. h4 Bf4 19. Nxh7 f5 20. Qxe6+ Kxh7 21. h5 Nge7 22. Nd5 Nxd5 23. cxd5 Rf6 24. Qe1 Na7 25. d6 Bxd6 26. Bg5 Rf7 27. Qe6 Nc8 28. Rac1 Kg8 29. h6 1-0

[Event "Florianopolis op 8th"]
[Site "Florianopolis"]
[Date "2022.01.26"]
[Round "4"]
[White "Bittencourt, Alica E Decezare"]
[Black "Castro, Leonardo Nascimento"]
[Result "0-1"]
[WhiteElo "1254"]
[BlackElo "1703"]
[PlyCount "91"]
[EventDate "2022.01.24"]
[EventType "swiss"]
[EventRounds "10"]
[EventCountry "BRA"]
[SourceTitle "CBM 206 Extra"]
[Source "ChessBase"]
[SourceDate "2022.03.31"]
[SourceVersion "1"]
[SourceVersionDate "2022.03.31"]
[SourceQuality "1"]

1. e4 c5 2. Nf3 e6 3. c3 Nf6 4. d3 Nc6 5. Be3 Ng4 6. Bg5 f6 7. Bh4 Be7 8. Be2 0-0 9. 0-0 b6 10. h3 Nh6 11. Nbd2 Bb7 12. Nc4 b5 13. Ne3 Kh8 14. Nh2 a5 15. f4 f5 16. Bxe7 Nxe7 17. e5 d5 18. d4 cxd4 19. cxd4 Qb6 20. Rc1 Nc6 21. Nf3 Rac8 22. Qd3 Ba6 23. a3 Ng8 24. Rc2 Nge7 25. Rfc1 h6 26. h4 g6 27. Nf1 Rc7 28. N1d2 a4 29. b3 Qa5 30. b4 Qb6 31. Nb1 Rfc8 32. Rc5 Na7 33. Kh2 Kg7 34. Rh1 Nac6 35. Nc3 Nb8 36. h5 Rc6 37. hxg6 Nd7 38. Rxc6 Rxc6 39. Rc1 Qc7 40. Nd2 Nb6 41. Ndb1 Nc4 42. Rc2 Nc8 43. Bh5 Ne7 44. Qg3 Ng8 45. Kg1 Qb6 46. Ne2 0-1

[Event "BRA-ch Amateur U2000"]
[Site "Sao Paulo"]
[Date "2018.06.01"]
[Round "4"]
[White "Castro, Leonardo Nascimento"]
[Black "Torres, Eduardo Lisboa"]
[Result "1-0"]
[WhiteElo "1676"]
[BlackElo "1921"]
[PlyCount "71"]
[EventDate "2018.05.31"]
[EventType "swiss"]
[EventRounds "7"]
[EventCountry "BRA"]
[SourceTitle "EXT 2021"]
[Source "ChessBase"]
[SourceDate "2020.10.23"]
[SourceVersion "1"]
[SourceVersionDate "2020.10.23"]
[SourceQuality "1"]

1. d4 Nf6 2. c4 e5 3. dxe5 Ng4 4. Bf4 Bb4+ 5. Nd2 f6 6. Ngf3 d6 7. exd6 cxd6 8. e3 Ne5 9. Be2 Be6 10. 0-0 0-0 11. a3 Bxd2 12. Nxd2 Qc7 13. Rc1 Rd8 14. b3 a5 15. Qc2 Na6 16. Rfd1 Rac8 17. Qb1 Qc5 18. Qa2 Qc6 19. Bf3 Nxf3+ 20. Nxf3 Bg4 21. Nd4 Qe8 22. f3 Bh5 23. e4 g5 24. Bg3 g4 25. fxg4 Bxg4 26. Re1 Nc5 27. Qb1 Qg6 28. b4 axb4 29. axb4 Ne6 30. Nf5 Rd7 31. Nxd6 Rxd6 32. Bxd6 Nd4 33. Rc3 Bf3 34. Qa2 Kh8 35. Qf2 f5 36. Qxd4+ 1-0

[Event "Sao Paulo op-B U2050 7th"]
[Site "Sao Paulo"]
[Date "2018.04.01"]
[Round "5"]
[White "Castro, Leonardo Nascimento"]
[Black "Vieira, Alexandre Letizio"]
[Result "1/2-1/2"]
[WhiteElo "1656"]
[BlackElo "1847"]
[PlyCount "78"]
[EventDate "2018.03.30"]
[EventType "swiss"]
[EventRounds "6"]
[EventCountry "BRA"]
[SourceTitle "EXT 2021"]
[Source "ChessBase"]
[SourceDate "2020.10.23"]
[SourceVersion "1"]
[SourceVersionDate "2020.10.23"]
[SourceQuality "1"]

1. d4 Nf6 2. c4 g6 3. Nc3 Bg7 4. Bg5 0-0 5. e3 d6 6. Nf3 c6 7. Be2 Qa5 8. Qd2 Bg4 9. Bh4 Nbd7 10. 0-0 e5 11. dxe5 dxe5 12. h3 Be6 13. Ng5 Rfe8 14. Nxe6 Rxe6 15. Rfd1 Ree8 16. Ne4 Qxd2 17. Nxf6+ Bxf6 18. Rxd2 Bxh4 19. Rxd7 Rab8 20. Rad1 Red8 21. g3 Bf6 22. e4 Kf8 23. Rxd8+ Rxd8 24. Rxd8+ Bxd8 25. Bg4 c5 26. Bc8 b6 27. h4 h6 28. f3 g5 29. hxg5 Bxg5 30. g4 Kg7 31. Kf2 Bc1 32. b3 Kg6 33. Ke2 Kg5 34. Bd7 h5 35. gxh5 Kxh5 36. Be8 Kg6 37. Kd1 Be3 38. Ke2 Bd4 39. Kd3 Kf6 1/2-1/2

[Event "Florianopolis op 4th"]
[Site "Florianopolis"]
[Date "2018.01.19"]
[Round "1"]
[White "Castro, Leonardo Nascimento"]
[Black "Flores, Clarice Soares Leit"]
[Result "1-0"]
[WhiteElo "1602"]
[BlackElo "1213"]
[PlyCount "65"]
[EventDate "2018.01.19"]
[EventType "swiss"]
[EventRounds "10"]
[EventCountry "BRA"]
[SourceTitle "CBM 182 Extra"]
[Source "ChessBase"]
[SourceDate "2018.02.23"]
[SourceVersion "1"]
[SourceVersionDate "2018.02.23"]
[SourceQuality "1"]

1. Nf3 Nf6 2. c4 e6 3. Nc3 Bb4 4. Qb3 Bxc3 5. Qxc3 b6 6. g3 Bb7 7. Bg2 c5 8. d3 0-0 9. 0-0 d5 10. cxd5 exd5 11. b4 cxb4 12. Qxb4 a5 13. Qb2 Re8 14. Be3 Ra6 15. Rab1 Nfd7 16. Rfc1 Nc6 17. Kf1 Qe7 18. a3 Rb8 19. Nd4 Nxd4 20. Bxd4 f6 21. Qb5 Qe6 22. Rc7 Nc5 23. Bxc5 bxc5 24. Rxb7 Rxb7 25. Qxb7 Rd6 26. Qa7 Rd8 27. Qxc5 a4 28. Qa5 Rc8 29. Bxd5 Qxd5 30. Qxd5+ Kf8 31. Rb7 Rc1+ 32. Kg2 Re1 33. Qf7# 1-0

[Event "Florianopolis op 2nd"]
[Site "Florianopolis"]
[Date "2016.01.17"]
[Round "2"]
[White "Duailibe, Ricardo Miguel"]
[Black "Castro, Leonardo Nascimento"]
[Result "1-0"]
[WhiteElo "1951"]
[BlackElo "1605"]
[PlyCount "69"]
[EventDate "2016.01.16"]
[EventType "swiss"]
[EventRounds "10"]
[EventCountry "BRA"]
[SourceTitle "CBM 170 Extra"]
[Source "ChessBase"]
[SourceDate "2016.02.25"]
[SourceVersion "1"]
[SourceVersionDate "2016.02.25"]
[SourceQuality "1"]

1. e4 c5 2. Nf3 e6 3. d4 cxd4 4. Nxd4 a6 5. Nc3 Qc7 6. Qf3 Bc5 7. Be3 Nf6 8. Bd3 0-0 9. Nde2 Bxe3 10. Qxe3 Nc6 11. f4 Nb4 12. e5 Nxd3+ 13. Qxd3 Ne8 14. Ne4 b5 15. 0-0-0 Bb7 16. h4 Rc8 17. Ng5 g6 18. Rh2 d6 19. h5 h6 20. hxg6 hxg5 21. g7 Qxc2+ 22. Qxc2 Rxc2+ 23. Kxc2 Nxg7 24. Rdh1 f6 25. Rh8+ Kf7 26. Rxf8+ Kxf8 27. exf6 gxf4 28. fxg7+ Kxg7 29. Nxf4 e5 30. Ne6+ Kf6 31. Rh6+ Kf5 32. g3 Kg4 33. Nd8 Be4+ 34. Kd2 d5 35. Nf7 1-0

[Event "Florianopolis op 2nd"]
[Site "Florianopolis"]
[Date "2016.01.16"]
[Round "1"]
[White "Castro, Leonardo Nascimento"]
[Black "Carstens Dobuchak, Thiago"]
[Result "0-1"]
[WhiteElo "1605"]
[BlackElo "2059"]
[PlyCount "29"]
[EventDate "2016.01.16"]
[EventType "swiss"]
[EventRounds "10"]
[EventCountry "BRA"]
[SourceTitle "CBM 170 Extra"]
[Source "ChessBase"]
[SourceDate "2016.02.25"]
[SourceVersion "1"]
[SourceVersionDate "2016.02.25"]
[SourceQuality "1"]

1. d4 Nf6 2. c4 g6 3. Nc3 Bg7 4. e4 d6 5. f3 0-0 6. Be3 c6 7. Qd2 a6 8. Nge2 b5 9. Ng3 Nbd7 10. Be2 bxc4 11. Bxc4 d5 12. exd5 Nb6 13. Bb3 Nfxd5 14. 0-0 Nxe3 15. Qxe3 0-1

[Event "Cuiaba Contaud op"]
[Site "Cuiaba"]
[Date "2015.08.02"]
[Round "6"]
[White "Castro, Leonardo Nascimento"]
[Black "Da Silva, Mikhail Zoltan Iwan"]
[Result "0-1"]
[WhiteElo "1646"]
[BlackElo "2019"]
[PlyCount "62"]
[EventDate "2015.07.31"]
[EventType "swiss"]
[EventRounds "6"]
[EventCountry "BRA"]
[SourceTitle "EXT 2016"]
[Source "ChessBase"]
[SourceDate "2015.10.08"]
[SourceVersion "1"]
[SourceVersionDate "2015.10.08"]
[SourceQuality "1"]

1. d4 Nf6 2. c4 c5 3. d5 b5 4. cxb5 a6 5. e3 axb5 6. Bxb5 Qa5+ 7. Nc3 Ba6 8. Bxa6 Nxa6 9. a3 g6 10. Nge2 Bg7 11. 0-0 0-0 12. e4 d6 13. Bg5 Rfb8 14. Bxf6 Bxf6 15. Qc2 Rb7 16. Rfb1 Rab8 17. a4 Nc7 18. Ra2 Na6 19. Raa1 Nc7 20. Ra2 c4 21. Qd2 Rb3 22. Rc1 Na6 23. Rca1 Nc5 24. Rc1 Nd3 25. Rc2 Qc5 26. Nc1 Nb4 27. Nb5 Nxc2 28. Qxc2 Qb4 29. Nc3 Rxb2 30. Rxb2 Qxb2 31. Qxb2 Rxb2 0-1

[Event "Cuiaba Contaud op"]
[Site "Cuiaba"]
[Date "2015.08.01"]
[Round "4"]
[White "Castro, Leonardo Nascimento"]
[Black "Martins, Clauber Figueiredo"]
[Result "0-1"]
[WhiteElo "1646"]
[BlackElo "2053"]
[PlyCount "94"]
[EventDate "2015.07.31"]
[EventType "swiss"]
[EventRounds "6"]
[EventCountry "BRA"]
[SourceTitle "EXT 2016"]
[Source "ChessBase"]
[SourceDate "2015.10.08"]
[SourceVersion "1"]
[SourceVersionDate "2015.10.08"]
[SourceQuality "1"]

1. d4 e6 2. c4 d5 3. Nf3 dxc4 4. e3 b5 5. a4 c6 6. Nc3 Bb4 7. Bd2 Bxc3 8. Bxc3 Nf6 9. b3 a5 10. axb5 Nd5 11. Bb2 cxb5 12. bxc4 bxc4 13. Bxc4 0-0 14. 0-0 Bb7 15. Ra3 Nd7 16. Qe2 Nb4 17. Bc3 Rc8 18. Ne1 Qb6 19. f3 Nf6 20. Rb3 Rxc4 21. Qxc4 Bd5 22. Rxb4 axb4 23. Qxb4 Qxb4 24. Bxb4 Rb8 25. Bd6 Rb6 26. Bc5 Rb3 27. Kf2 Bc4 28. Rg1 Rb2+ 29. Kg3 h5 30. h4 Nd5 31. e4 Nc3 32. Rh1 Ne2+ 33. Kh3 f6 34. g3 f5 35. Ng2 fxe4 36. fxe4 Bd3 37. Nf4 Bxe4 38. Rf1 Bf5+ 39. Kg2 Nxf4+ 40. Kf3 Nd5 41. Ra1 Rb3+ 42. Kf2 Ne3 43. Ra8+ Kh7 44. Bd6 Ng4+ 45. Ke2 Rb2+ 46. Ke1 Bd3 47. Ra7 Ne3 0-1

[Event "Cuiaba Contaud op"]
[Site "Cuiaba"]
[Date "2015.08.01"]
[Round "3"]
[White "Costa, Kerginaldo Brito Da"]
[Black "Castro, Leonardo Nascimento"]
[Result "1-0"]
[WhiteElo "1913"]
[BlackElo "1646"]
[PlyCount "77"]
[EventDate "2015.07.31"]
[EventType "swiss"]
[EventRounds "6"]
[EventCountry "BRA"]
[SourceTitle "EXT 2016"]
[Source "ChessBase"]
[SourceDate "2015.10.08"]
[SourceVersion "1"]
[SourceVersionDate "2015.10.08"]
[SourceQuality "1"]

1. e4 c5 2. Nf3 e6 3. d4 cxd4 4. Nxd4 a6 5. Nc3 Qc7 6. Be2 Nf6 7. 0-0 Be7 8. f4 d6 9. Kh1 0-0 10. Qe1 b5 11. a3 Bb7 12. Bd3 Nbd7 13. f5 e5 14. Nb3 Nc5 15. Nd2 Nxd3 16. cxd3 d5 17. Nf3 dxe4 18. dxe4 Rfe8 19. Bg5 Rad8 20. Rc1 Qb8 21. Bxf6 Bxf6 22. g4 g5 23. Qe3 h6 24. h4 Kg7 25. hxg5 hxg5 26. Nxg5 Rh8+ 27. Kg2 Qd6 28. Rcd1 Qe7 29. Nf3 Rxd1 30. Rxd1 Qe8 31. g5 Bd8 32. Qc5 f6 33. g6 Be7 34. Qc7 Bc6 35. Nd5 Bxd5 36. Rxd5 Kf8 37. Rd7 Rg8 38. Qa7 Rg7 39. Rb7 1-0

[Event "Brasilia FBX Nova Geracao U1800"]
[Site "Brasilia"]
[Date "2015.07.25"]
[Round "1.11"]
[White "Portal, Eduardo da Silva"]
[Black "Castro, Leonardo Nascimento"]
[Result "0-1"]
[WhiteElo "1747"]
[BlackElo "1646"]
[PlyCount "52"]
[EventDate "2015.07.25"]
[EventType "swiss"]
[EventRounds "5"]
[EventCountry "BRA"]
[SourceTitle "EXT 2022"]
[Source "ChessBase"]
[SourceDate "2021.10.06"]
[SourceVersion "1"]
[SourceVersionDate "2021.10.06"]
[SourceQuality "1"]

1. e4 c5 2. Nf3 Nc6 3. Nc3 g6 4. Bc4 Bg7 5. 0-0 d6 6. d3 Nf6 7. Bf4 0-0 8. Qe2 Bg4 9. Rad1 Nd4 10. Qe3 Nxc2 11. Qd2 Nd4 12. g3 Bxf3 13. Qe3 Bxd1 14. Rxd1 a6 15. e5 Nh5 16. exd6 exd6 17. Bd5 Rb8 18. Bg5 Nf6 19. Bc4 b5 20. Bd5 b4 21. Ne4 Nxd5 22. g4 a5 23. Qg3 Ne2+ 24. Kf1 Nxg3+ 25. fxg3 Qxg5 26. Nxg5 Ne3+ 0-1

[Event "Brasilia Centro Oeste-ch"]
[Site "Brasilia"]
[Date "2015.05.15"]
[Round "2"]
[White "De Oliveira, Francemir Barra"]
[Black "Castro, Leonardo Nascimento"]
[Result "1-0"]
[WhiteElo "1731"]
[BlackElo "1576"]
[PlyCount "39"]
[EventDate "2015.05.15"]
[EventType "swiss"]
[EventRounds "6"]
[EventCountry "BRA"]
[SourceTitle "CBM 166 Extra"]
[Source "ChessBase"]
[SourceDate "2015.06.18"]
[SourceVersion "1"]
[SourceVersionDate "2015.06.18"]
[SourceQuality "1"]

1. e4 c5 2. Nf3 Nc6 3. d4 cxd4 4. Nxd4 Nf6 5. Nc3 g6 6. Be2 Bg7 7. Be3 0-0 8. g4 d6 9. g5 Nd7 10. h4 Qb6 11. Nb3 Qb4 12. Qd2 Bxc3 13. bxc3 Qxe4 14. f3 Qa4 15. 0-0-0 Qxa2 16. Qe1 Na5 17. Nxa5 Qxa5 18. h5 b6 19. hxg6 hxg6 20. Qh4 1-0

[Event "Brasilia Centro Oeste-ch"]
[Site "Brasilia"]
[Date "2015.05.15"]
[Round "3"]
[White "Rodrigues, Joao Batista"]
[Black "Castro, Leonardo Nascimento"]
[Result "1/2-1/2"]
[WhiteElo "1708"]
[BlackElo "1576"]
[PlyCount "151"]
[EventDate "2015.05.15"]
[EventType "swiss"]
[EventRounds "6"]
[EventCountry "BRA"]
[SourceTitle "CBM 166 Extra"]
[Source "ChessBase"]
[SourceDate "2015.06.18"]
[SourceVersion "1"]
[SourceVersionDate "2015.06.18"]
[SourceQuality "1"]

1. e4 c5 2. Nf3 Nc6 3. d4 cxd4 4. Nxd4 Nf6 5. Nc3 g6 6. Bc4 Bg7 7. Be3 0-0 8. f3 Qb6 9. Bb3 Nxe4 10. Nd5 Qa5+ 11. c3 Nc5 12. 0-0 Bxd4 13. cxd4 Nxb3 14. Qxb3 d6 15. Nf4 Qb4 16. Qxb4 Nxb4 17. Rf2 Bf5 18. Rc1 Rac8 19. Rxc8 Rxc8 20. g4 Be6 21. Nxe6 fxe6 22. a3 Nd5 23. Bh6 Rc4 24. Rd2 Kf7 25. Kf2 Nf6 26. Ke3 Ng8 27. Kd3 Rc7 28. Be3 b6 29. g5 Kg7 30. h4 Kf7 31. Re2 Ke8 32. Bd2 Kd7 33. Re4 Nf6 34. gxf6 exf6 35. Bc3 d5 36. Re2 a5 37. f4 f5 38. Rg2 Ke7 39. Rg5 Kf6 40. h5 gxh5 41. Rxh5 Rg7 42. Kc2 Kg6 43. Rh4 h5 44. Kb3 Kh6 45. Rh3 Rg4 46. Bd2 h4 47. Re3 Rg3 48. Rxg3 hxg3 49. Be3 Kh5 50. Kc3 Kg4 51. Kd3 Kf3 52. Kd2 g2 53. a4 Kg3 54. Bg1 Kxf4 55. Ke2 Kg3 56. Ke3 f4+ 57. Ke2 Kg4 58. Kf2 f3 59. Bh2 Kh3 60. Bg1 Kg4 61. b3 Kf4 62. Bh2+ Ke4 63. Bg1 Kxd4 64. Kxf3+ Kc3 65. Bxb6 Kxb3 66. Kxg2 Kxa4 67. Kf3 Kb5 68. Bd4 Kc4 69. Ke3 a4 70. Be5 a3 71. Bd4 a2 72. Be5 Kb3 73. Kd3 Kb4 74. Bd4 Kb5 75. Be5 Kc6 76. Ke3 1/2-1/2

[Event "Brasilia Inconfidencia Cup"]
[Site "Brasilia"]
[Date "2015.04.17"]
[Round "1"]
[White "Castro, Leonardo Nascimento"]
[Black "Pompeo, Flavio Sposto"]
[Result "0-1"]
[WhiteElo "1550"]
[BlackElo "2119"]
[PlyCount "56"]
[EventDate "2015.04.17"]
[EventType "swiss"]
[EventRounds "6"]
[EventCountry "BRA"]
[SourceTitle "CBM 166 Extra"]
[Source "ChessBase"]
[SourceDate "2015.06.18"]
[SourceVersion "1"]
[SourceVersionDate "2015.06.18"]
[SourceQuality "1"]

1. Nf3 d5 2. g3 g6 3. Bg2 Bg7 4. 0-0 e5 5. d3 Ne7 6. Nbd2 0-0 7. c4 d4 8. b4 f5 9. Bb2 h6 10. a4 Be6 11. Nxe5 Bxe5 12. Bxb7 Nd7 13. Bxa8 Qxa8 14. Nf3 f4 15. Ra3 Bh3 16. Qa1 fxg3 17. fxg3 Bxf1 18. Qxf1 Bg7 19. Qg2 Nf5 20. Bc1 Qe8 21. Ra2 Ne3 22. Qh3 Ne5 23. g4 N5xg4 24. Qg3 Be5 25. Qe1 Nxh2 26. Nxh2 Bxh2+ 27. Kxh2 Qe5+ 28. Kh3 Rf1 0-1

[Event "BRA-ch Amateur"]
[Site "Sao Paulo"]
[Date "2015.04.02"]
[Round "4"]
[White "Castro, Leonardo Nascimento"]
[Black "Sbrissa Neto, David Antonio"]
[Result "0-1"]
[WhiteElo "1550"]
[BlackElo "1826"]
[PlyCount "74"]
[EventDate "2015.04.30"]
[EventType "swiss"]
[EventRounds "7"]
[EventCountry "BRA"]
[SourceTitle "EXT 2022"]
[Source "ChessBase"]
[SourceDate "2021.10.06"]
[SourceVersion "1"]
[SourceVersionDate "2021.10.06"]
[SourceQuality "1"]

1. Nf3 d5 2. g3 Nf6 3. Bg2 c6 4. 0-0 Bg4 5. h3 Bh5 6. g4 Bg6 7. Ne5 Nbd7 8. d4 Nxe5 9. dxe5 Nd7 10. f4 f5 11. e3 e6 12. g5 h6 13. h4 hxg5 14. hxg5 Bc5 15. Nc3 a6 16. Ne2 Bh5 17. Kf2 Qb6 18. Rh1 0-0-0 19. Bf3 Bxf3 20. Kxf3 Qb4 21. Ng3 d4 22. Rxh8 Rxh8 23. exd4 Qxd4 24. Qxd4 Bxd4 25. c3 Bb6 26. Be3 Rh2 27. Bxb6 Nxb6 28. Rh1 Rxh1 29. Nxh1 Nc4 30. b3 Nd2+ 31. Ke3 Ne4 32. c4 b5 33. cxb5 axb5 34. Nf2 Nxf2 35. Kxf2 c5 36. a4 c4 37. bxc4 bxa4 0-1